Platón: doctrinas no escritas. Antología

Guardado en:
Detalles Bibliográficos
Autor principal: Arana Marcos, José Ramón, 1905-1973 (autor)
Formato: Libro
Lenguaje:español
Publicado: Bilbao Universidad del País Vasco 1998
Edición:1a. ed
Colección:Filosofía, 2
Materias:
Etiquetas: Agregar Etiqueta
Sin Etiquetas, Sea el primero en etiquetar este registro!

MARC

LEADER 00000cam a2200000 a 4500
001 UCE1767
003 CL-VaPUC
008 140519e19980000sp |||||||||||||||||spa|d
020 |a 8483730642 
082 0 4 |a 184  |b ARA  |2 21 
100 |a Arana Marcos, José Ramón,  |d 1905-1973  |e autor  |9 574138 
245 1 0 |a Platón: doctrinas no escritas. Antología 
250 |a 1a. ed 
300 |a 676 p 
942 |c BK 
945 |d 20140519 10:12:00  |a dcastane 
260 |a Bilbao  |b Universidad del País Vasco  |c 1998 
600 0 7 |a PLATON  |2 CL-VaPUC  |9 222 
650 0 |a Filosofía antigua   |9 255705 
650 0 |a Política  |9 255312 
650 0 |a Platonismo  |9 265673 
583 |a last modification  |c 20140519 10:12:00  |k Rodrigo Vera 
490 0 |a Filosofía, 2 
999 |c 355465  |d 355463 
952 |0 0  |1 0  |3 erb  |4 0  |6 184_000000000000000_ARA_1998  |7 0  |8 R  |9 462201  |a BIBEDU  |b BIBEDU  |c MCIRC  |i 507830K  |l 1  |o 184 ARA 1998  |p 507830K  |r 2024-08-22  |s 2024-08-19  |w 2019-11-23  |y BK_R  |z Catalogado en:20140519  |k FIL